| 000 | 01211nam a2200253Ia 4500 | ||
|---|---|---|---|
| 999 |
_c52942 _d52942 |
||
| 001 | 19972 | ||
| 003 | GE_BSU | ||
| 005 | 20200522232943.0 | ||
| 008 | 181216s2001||||ge |||||||||||||| ||geo|| | ||
| 020 | _a9992858486 ; 9992858494 (Iტომი) | ||
| 040 | _cGE_BSU | ||
| 041 | _ageo | ||
| 080 | _a1'374.822=353.32=353.1 ქ-34 | ||
| 100 |
_aქაჯაია, ოთარ _98161 |
||
| 245 |
_aმეგრულ-ქართული ლექსიკონი ტ. 1 : (ა - ვ) = Megrelian-Georgian dictionary / _cოთარ ქაჯაია ; სარედ. საბჭო ც. ბარბაქაძე და სხვ. ; ტომის რედ. ზ. სარჯველაძე. |
||
| 264 |
_aთბილისი : _bნეკერი, _c2001. |
||
| 300 |
_a586 გვ. ; _c29 სმ. |
||
| 490 | _aქართველოლოგიური ბიბლიოთეკა | ||
| 541 | _h50 ლ. | ||
| 653 | _aმეგრულ-ქართული ლექსიკონი ტ. 1 : (ა - ვ) | ||
| 653 | _aქართული ენა | ||
| 700 |
_aსარჯველაძე, ზ. _eტომის რედაქტორი _97542 |
||
| 942 |
_cBK _2udc |
||